Vista normal
Vista MARC
- Iglesia y Estado
Entrada Tema o Materia
Número de registros utilizados en: 1
001 - NUMERO DE CONTROL
- Campo de control: 1483
003 - IDENTIFICADOR DEL NUMERO DE CONTROL
- Campo de control: CO-MdFUSB
005 - HORA Y FECHA DE LA ULTIMA TRANSACCIÓN
- Campo de control: 20190206110703.0
008 - CAMPO DE LONGITUD FIJA
- Campo fijo de descripción fija: 190206|| aca||babn | a|a d
040 ## -
- : CO-MdFUSB
- : CO-MdFUSB
150 ## - ENCABEZAMIENTO DE MATERIA-TEMA
- Téma o Materia: Iglesia y Estado
- Subdivisón geográfica: Antioquia (Colombia) 1850-1930
